Risultati della Lazio in UEFA Europa League 2009-2010 - Statistics

Statistiche generali
  • Questo quiz è stato fatto 4 volte
  • Il punteggio medio è 4 su 6
Statistiche sulle risposte
Hint Risposta % Corretto
Villarreal - Lazio 4-1
100%
Lazio - Levski Sofia 0-1
67%
Levski Sofia - Lazio 0-4
67%
Lazio - Salisburgo 1-2
67%
Salisburgo - Lazio 2-1
67%
Lazio - Villarreal 2-1
0%
Nessun quiz corrispondente trovato
Distribuzione punteggi
Percentuale di utenti per punteggio
Percentile per numero di risposta
I tuoi punteggi nel tempo
Non hai fatto questo quiz